000 00426nam a22001697a 4500
003 NUST - PNEC
005 20170116181127.0
008 151006b xxu||||| |||| 00| 0 eng d
020 _a-
040 _cLIBRARY
082 _a891.42 ISM
100 _913754
_aIsmat Hina Saleem
245 _aLanban (Urdu)
_bIsmat Hina Saleem
260 _aRawalpindi:
_c2004
650 _913757
_aUrdu literature
_xGeneral
942 _2ddc
_cBK
999 _c69814
_d69814